|
|
|
|
| LEADER |
00000cam a2200000 7i4500 |
| 001 |
0000015363 |
| 005 |
20241022.0 |
| 008 |
050226 my a eng |
| 020 |
|
|
|a 983243162X
|
| 040 |
|
|
|a INS
|b eng
|e rda
|
| 090 |
0 |
0 |
|a AS6
|b T737 2004
|
| 100 |
1 |
|
|a Tow, Khee Kin ,
|e author
|
| 245 |
1 |
0 |
|a How to set up and run seminars and workshops :
|b get it right first time
|c Tow Khee Kin
|
| 250 |
|
|
|a First edition
|
| 264 |
|
1 |
|a Petaling Jaya :
|b Leeds Publications
|c 2004
|
| 264 |
|
4 |
|c ©2004
|
| 300 |
|
|
|a xi, 72 pages :
|b illustrations ;
|c 22 cm.
|
| 336 |
|
|
|a text
|2 rdacontent
|
| 337 |
|
|
|a unmediated
|2 rdamedia
|
| 338 |
|
|
|a volume
|2 rdacarrier
|
| 650 |
|
0 |
|a Seminars
|x Handbooks, manual, etc.
|
| 650 |
|
0 |
|a Workshops (adult education)
|x Handbooks, manuals
|
| 999 |
|
|
|a 0000015175
|b BOOK
|c Open Shelf
|e Default branch
|
| 999 |
|
|
|a 0000015199
|b BOOK
|c Open Shelf
|e Default branch
|
| 999 |
|
|
|a 0000015200
|b BOOK
|c Open Shelf
|e Default branch
|